Ruoka- ja Juomasanoja Germaanisilla Kielillä - Statistics

Yleistilastot
  • Tätä visaa on pelattu 223 kertaa
  • Keskiarvotulos 33 / 77
Vastaustilastot
Pla Vastaus % Oikein
Milk
98%
Bread
97%
Potato
93%
Ice Cream
92%
Vesi Water
91%
Water
91%
Maito Mjölk
90%
Maito Mjólk
90%
Onion
90%
Breakfast
88%
Cream
88%
Wine
87%
Olut Beer
84%
Leipä Bröd
81%
Leipä Brød
81%
Leipä Brød
81%
Vesi Vatten
77%
Viini Vin
75%
Viini Vin
75%
Viini Vin
75%
Viini Vín
75%
Olut Öl
70%
Olut Øl
70%
Olut Øl
70%
Peruna Potatis
70%
Sipuli Lök
60%
Sipuli Løk
60%
Maito Milch
59%
Jäätelö Glass
58%
Cabbage
55%
Vesi Wasser
53%
Aamiainen Frukost
52%
Olut Bier
50%
Olut Bier
50%
Kaali Hvitkál
50%
Kaali Kål
49%
Kaali Kål
49%
Kaali Kål
49%
Leipä Brot
46%
Peruna Kartoffel
45%
Peruna Kartoffel
45%
Jäätelö Is
37%
Kerma Grädde
35%
Viini Wein
35%
Aamiainen Frühstück
28%
Jäätelö Eis
27%
Kerma Krem
26%
Maito Melk
21%
Maito Melk
21%
Sipuli Zwiebel
17%
Kaali Kohl
14%
Kerma Sahne
12%
Maito Mælk
9%
Vesi Vatn
9%
Leipä Brood
8%
Kerma Fløde
8%
Vesi Vann
7%
Jäätelö Iskrem
6%
Vesi Vand
6%
Viini Wijn
6%
Peruna Aardappel
5%
Kaali Kool
5%
Sipuli Løg
5%
Aamiainen Morgenmad
5%
Peruna Potet
5%
Aamiainen Frokost
4%
Sipuli Laukur
3%
Kerma Room
3%
Olut Bjór
2%
Aamiainen Ontbijt
2%
Sipuli Ui
2%
Leipä Brauđ
1%
Kerma Fløte
1%
Peruna Kartöflu
1%
Aamiainen Morgunmat
1%
Jäätelö Rjőmaís
1%
Jäätelö Roomijs
0%
Ehtoja vastaavia visoja ei löytynyt
Tulosjakauma
Jokaisen tuloksen saaneiden osuus
Persentiili vastausten määrän mukaan
Tuloshistoriasi
Et ole pelannut tätä visaa